|
|
|
|
| LEADER |
00000nab a2200000uu 4500 |
| 001 |
vtls011437467 |
| 003 |
SK-MaSNL |
| 005 |
20260303145544.0 |
| 008 |
230222| xo |||||||||||||||||cze| |
| 015 |
|
|
|a SNBRB
|
| 035 |
|
|
|a (urnnbn)urn:nbn:sk:snk:ar-002jcw
|
| 035 |
|
|
|a (uuid)ba309862-191d-4a71-bd6b-8d083699834c
|
| 035 |
|
|
|a urn:nbn:sk:snk-abccma
|
| 040 |
|
|
|a SNKBUCL
|b slo
|c SNKBUCL
|e AACR2
|
| 041 |
0 |
|
|a cze
|
| 044 |
|
|
|a xo
|c SK
|
| 100 |
1 |
|
|a Valertová, Věra
|4 aut
|9 1168146
|
| 245 |
1 |
0 |
|a Výstavka, jedna z forem, jak navázat spolupráci jeslí s rodiči
|c Věra Valertová, Jarmila Tichá
|
| 700 |
1 |
|
|a Tichá, Jarmila
|4 aut
|9 1168147
|
| 773 |
0 |
|
|t Predškolská výchova : pedagogický časopis pre učiteľky materských škôl
|g Roč. 29, č. 12 (1974-1975), s. 347-349
|
| 958 |
|
|
|a OND
|
| 958 |
|
|
|a EUIPO
|
| 958 |
|
|
|a article16
|
| 999 |
|
|
|c 2003809
|d 2005739
|